00910nam a22001815i 4500001000700000003000900007005001700016008004100033040002000074245014400094260008000238300003100318490012000349650001900469710005400488830012000542852006600662162615ES-MaACL20230906212551.0041123s1867 fr |||| | fre d aCAM bspa cCAM00aProgrès des études relatives a l'Egypte et a l'Orient / cpublication faite sous les auspices du Ministère de l'Instruction Publique. aParis : bImprimerie Impériale : bLibrairie de L. Hachette et C.,c1867. aXI, 212, [2] p. ; c25 cm.1 aRecueil de rapports sur les progrès des lettres et des sciences en France . Sciences historiques et philologiques04aEgiptología.00aFrancia. bMinistère de l'Instruction Publique.0 aRecueil de rapports sur les progrès des lettres et des sciences en France . Sciences historiques et philologiques aES-MaACLjG-6445 z-- Enc. hol., conservando la cub. original